000 00548 a2200181 4500
999 _c187
_d187
008 191226b ||||| |||| 00| 0 eng d
020 _a9789352602001
041 0 _aeng
082 0 0 _a658.7
_bD675
100 _aBowersox, Donald J.
_9390
245 _aSupply chain logistics management
_cby Donald J. Bowersox, David J. Closs and M. Bixby Cooper
250 _a3rd ed.
260 _aChennai
_bMcGraw Hill Education
_c2010
300 _a498p.
650 0 _aBusiness Logistics
_xBusiness Management
700 _9393
_aCloss, David J.
942 _2ddc
_cBK